निराला के उपन्यासों में चित्रित नारी समस्याएं : (Record no. 67703)
[ view plain ]
| 000 -LEADER | |
|---|---|
| fixed length control field | 01029nam a22002657a 4500 |
| 005 - DATE AND TIME OF LATEST TRANSACTION | |
| control field | 20260325134815.0 |
| 008 - FIXED-LENGTH DATA ELEMENTS--GENERAL INFORMATION | |
| fixed length control field | 260108b |||||||| |||| 00| 0 eng d |
| 041 ## - LANGUAGE CODE | |
| Language code of text/sound track or separate title | hin |
| 082 ## - DEWEY DECIMAL CLASSIFICATION NUMBER | |
| Classification number | 891.43 |
| Item number | DAS |
| 100 ## - MAIN ENTRY--AUTHOR NAME | |
| Scholar | Das, Gajendra Nath. |
| Relator code (Role) | Scholar |
| 242 ## - TRANSLATION OF TITLE | |
| Translated Title | Problems of women in the novels of Nirala : an analytical study |
| 245 ## - TITLE STATEMENT | |
| Title | निराला के उपन्यासों में चित्रित नारी समस्याएं : |
| Remainder of title | एक विश्लेषणात्मक अध्ययन |
| 260 ## - PUBLICATION, DISTRIBUTION, ETC. (IMPRINT) | |
| Year of publication | 2025. |
| Department | Hindi |
| 300 ## - PHYSICAL DESCRIPTION | |
| Number of Pages | x, 257p. |
| 650 ## - SUBJECT ADDED ENTRY--TOPICAL TERM | |
| Topical Term | Hindi literature |
| 650 ## - SUBJECT ADDED ENTRY--TOPICAL TERM | |
| Topical Term | Hindi fiction |
| 650 ## - SUBJECT ADDED ENTRY--TOPICAL TERM | |
| Topical Term | Literary Theory and Criticism |
| 650 ## - SUBJECT ADDED ENTRY--TOPICAL TERM | |
| Topical Term | Feminism in literature |
| 650 ## - SUBJECT ADDED ENTRY--TOPICAL TERM | |
| Topical Term | Social problems in literature |
| 650 ## - SUBJECT ADDED ENTRY--TOPICAL TERM | |
| Topical Term | Women in literature |
| 700 ## - ADDED ENTRY--Guide | |
| Guide | Malakar, Kusum Kunja. |
| Relator code (Role) | Supervisor |
| 856 ## - ELECTRONIC LOCATION AND ACCESS | |
| Uniform Resource Identifier | <a href="https://shodhganga.inflibnet.ac.in/handle/10603/673434">https://shodhganga.inflibnet.ac.in/handle/10603/673434</a> |
| 942 ## - ADDED ENTRY ELEMENTS (KOHA) | |
| Koha item type | Thesis |
| Home library | Current library | Shelving location | Date acquired | Full call number | Accession Number | Koha item type |
|---|---|---|---|---|---|---|
| Dr. Suryya Kumar Bhuyan Library | Dr. Suryya Kumar Bhuyan Library | Thesis Section | 08/01/2026 | 891.43/DAS | PHD136 | Thesis |
